LEADER 03259nam 2200685Ia 450 001 9910462289503321 005 20200520144314.0 010 $a1-4529-4899-2 010 $a0-8166-8180-5 035 $a(CKB)2670000000269582 035 $a(EBL)1047466 035 $a(OCoLC)818115431 035 $a(SSID)ssj0000755134 035 $a(PQKBManifestationID)11496240 035 $a(PQKBTitleCode)TC0000755134 035 $a(PQKBWorkID)10729969 035 $a(PQKB)11468827 035 $a(StDuBDS)EDZ0001177708 035 $a(MiAaPQ)EBC1047466 035 $a(OCoLC)815383334 035 $a(MdBmJHUP)muse29992 035 $a(Au-PeEL)EBL1047466 035 $a(CaPaEBR)ebr10613543 035 $a(CaONFJC)MIL525650 035 $a(EXLCZ)992670000000269582 100 $a20120503e20121981 ub 0 101 0 $aeng 135 $aur|n|---||||| 181 $ctxt 182 $cc 183 $acr 200 10$aBeginning to see the light$b[electronic resource] $esex, hope, and rock-and-roll /$fEllen Willis 205 $a[2nd ed.]. 210 $aMinneapolis $cUniversity of Minnesota Press$d2012 215 $a1 online resource (361 p.) 300 $aOriginally published: New York : Knopf, 1981. 311 $a0-8166-8078-7 327 $aCover; Contents; Acknowledgments; Introduction; Introduction to the Second Edition; I: OUT OF THE VINYL DEEPS; Dylan; You Can't Go Down Home Again; The Who Sell; Elvis in Las Vegas; Cultural Revolution Saved from Drowning; See America First: Easy Rider and Alice's Restaurant; Jani's Joplin; Hard to Swallow: Deep Throat; It's Later Than You Think; Tom Wolfe's Failed Optimism; Beginning to See the Light; How's the Family?; Jackie, We Hardly Knew You; Classical and Baroque Sex in Everyday Life; Velvet Underground; II: AMERICAN GIRLS WANT EVERYTHING; Learning from Chicago 327 $aHerbert Marcuse, 1898-1979Glossary for the Eighties; The Family: Love It or Leave It; Postscript: The Backlash According to Irving; Toward a National Man Policy; The Trial of Arline Hunt; Abortion: Is a Woman a Person?; Abortion: Overruling the Neo-Fascists; Feminism, Moralism, and Pornography; The Myth of the Powerful Jew; My Podhoretz Problem-and His; III: NEXT YEAR IN JERUSALEM; Next Year in Jerusalem 330 $aFrom the New Yorker's inimitable first pop music critic comes this pioneering collection of essays by a conscientious writer whose political realm is both radical and rational, and whose prime preoccupations are with rock 'n' roll, sexuality, and above all, freedom. Here Ellen Willis assuredly captures the thrill of music, the disdain of authoritarian culture, and the rebellious spirit of the '60s and '70s. 606 $aAmerican essays$y20th century 606 $aFeminism 606 $aSubculture 606 $aRadicalism 606 $aRock music 608 $aElectronic books. 615 0$aAmerican essays 615 0$aFeminism. 615 0$aSubculture. 615 0$aRadicalism. 615 0$aRock music. 676 $a081 700 $aWillis$b Ellen$0961079 801 0$bMiAaPQ 801 1$bMiAaPQ 801 2$bMiAaPQ 906 $aBOOK 912 $a9910462289503321 996 $aBeginning to see the light$92484964 997 $aUNINA LEADER 01556nas 2200385 n 450 001 990008889360403321 005 20240229084446.0 011 $a0002-1695 035 $a000888936 035 $aFED01000888936 035 $a(Aleph)000888936FED01 035 $a000888936 091 $2CNR$aP 00000463 100 $a20090724b19391972km-y0itaa50------ba 101 0 $aeng 102 $aGB 110 $aauu-------- 200 1 $aAgriculture 207 1$a1939-1972 210 $aLondon$c[s.n.] 430 0$1001000899492$12001$aJournal of the Ministry of Agriculture 530 0 $aAgriculture 675 $a63 676 $a630.5 712 02$aGran Bretagna.$bMinistry of Agriculture, Fisheries and Food 801 0$aIT$bACNP$c20090723 859 4 $uhttp://acnp.cib.unibo.it/cgi-ser/start/it/cnr/dc-p1.tcl?catno=257&person=false&language=ITALIANO&libr=&libr_th=unina1$zBiblioteche che possiedono il periodico 901 $aSE 912 $a990008889360403321 958 $aBiblioteca Centralizzata. Facoltà di Agraria dell'Università Federico II di Napoli$b1939-1972.$fFAGBC 959 $aFAGBC 996 $aAgriculture$977017 997 $aUNINA AP1 8 $6866-01$aNA087 Biblioteca Centralizzata. Facoltà di Agraria dell'Università Federico II di Napoli$ev. Università, 100 Palazzo Reale, 80055 Portici (NA)$m081-2539322$m081-7760229$nit AP2 40$aacnp.cib.unibo.it$nACNP Italian Union Catalogue of Serials$uhttp://acnp.cib.unibo.it/cgi-ser/start/it/cnr/df-p.tcl?catno=257&language=ITALIANO&libr=&person=&B=1&libr_th=unina&proposto=NO LEADER 03493nam 2200865z- 450 001 9910619469903321 005 20221025 010 $a3-0365-5178-6 035 $a(CKB)5670000000391575 035 $a(oapen)https://directory.doabooks.org/handle/20.500.12854/93196 035 $a(oapen)doab93196 035 $a(EXLCZ)995670000000391575 100 $a20202210d2022 |y 0 101 0 $aeng 135 $aurmn|---annan 181 $ctxt$2rdacontent 182 $cc$2rdamedia 183 $acr$2rdacarrier 200 00$aNew Trends in Neuromechanics and Motor Rehabilitation 210 $cMDPI - Multidisciplinary Digital Publishing Institute$d2022 215 $a1 online resource (128 p.) 311 08$a3-0365-5177-8 330 $aNeuromechanics has been used to identify optimal rehabilitation protocols that successfully improve motor deficits in various populations, such as elderly people and individuals with neurological diseases (e.g., stroke, Parkinson's disease, and essential tremor). By investigating structural and functional changes in the central and peripheral nervous systems based on neuromechanical theories and findings, we can expand our knowledge regarding underlying neurophysiological mechanisms and specific motor impairment patterns before and after therapies to further develop new training programs (e.g., non-invasive brain stimulation). Thus, the aim of this Special Issue is to present the main contributions of researchers and rehabilitation specialists in biomechanics, motor control, neurophysiology, neuroscience, and rehabilitation science. The current collection provides new neuromechanical approaches addressing theoretical, methodological, and practical topics for facilitating motor recovery progress. 606 $aPublic health and preventive medicine$2bicssc 610 $aadaptation 610 $aaffect 610 $aarterial stiffness 610 $aasymmetry 610 $aaugmentation index 610 $abilateral deficit 610 $abimanual force control 610 $abimanual movement 610 $achronic stroke 610 $acomplexity 610 $acore stabilization training 610 $adance-based group exercise 610 $adominant hand 610 $afall risk 610 $afoot contact dynamics 610 $afoot initial contact 610 $aforce control 610 $agait 610 $aH:M ratio 610 $ahand-grip strength 610 $aIdiopathic Toe Walking 610 $aknee 610 $amuscle function 610 $an/a 610 $aneuromuscular control 610 $aneuromuscular properties 610 $aobesity 610 $aolder adults 610 $aphysical fitness 610 $apostmenopausal 610 $apostural stability 610 $apulse wave analysis 610 $apulse wave velocity 610 $apush-off 610 $arehabilitation 610 $aresistance training 610 $asedentary behavior 610 $asmartwatch 610 $astepping on a stair 610 $aThomas test 610 $atime to stabilization 610 $avariability 610 $avertical jump 610 $awearable technology 615 7$aPublic health and preventive medicine 700 $aKang$b Nyeonju$4edt$01319291 702 $aKang$b Nyeonju$4oth 906 $aBOOK 912 $a9910619469903321 996 $aNew Trends in Neuromechanics and Motor Rehabilitation$93033705 997 $aUNINA